书目信息 |
| 题名: |
设施农业--冬暖大棚花卉栽培
|
|
| 作者: | 苏桂林 主编 | |
| 分册: | ||
| 出版信息: | 济南 山东人民出版社 1999.11 |
|
| 页数: | 179页 | |
| 开本: | 20cm | |
| 丛书名: | ||
| 单 册: | ||
| 中图分类: | S629-43 | |
| 科图分类: | ||
| 主题词: | 园艺--温室栽培 , 园艺--设施 , 保护地栽培 | |
| 电子资源: | ||
| ISBN: | 7-209-02522-7 | |
| 000 | 00643nam0 2200217 45 | |
| 001 | 0331660347 | |
| 005 | 2003092808474015 | |
| 010 | @a7-209-02522-7@dRMB 9.00 | |
| 100 | @a20030928d1999 km y0chiy0120 ea | |
| 101 | 0 | @achi |
| 102 | @aCN@b370000 | |
| 200 | 1 | @a设施农业--冬暖大棚花卉栽培@Ashe shi nong ye--dong nuan da peng hua hui zai pei@f苏桂林主编@Fsu gui lin zhu bian |
| 210 | @a济南@c山东人民出版社@d1999.11 | |
| 215 | @a179页@d20cm | |
| 606 | 0 | @a园艺@x温室栽培 |
| 606 | 0 | @a园艺@x设施 |
| 606 | 0 | @a保护地栽培 |
| 690 | @aS629-43@v3 | |
| 701 | 0 | @a苏桂林@Asu gui lin@4主编 |
| 801 | 0 | @aCN@bPFT@c20030928 |
| 905 | @aBZT@dS629-43@e1@f30 | |
| 设施农业--冬暖大棚花卉栽培/苏桂林主编.-济南:山东人民出版社,1999.11 |
| 179页;20cm |
| ISBN 7-209-02522-7:RMB 9.00 |
| ● |
| 相关链接 |
|
|
|
正题名:设施农业--冬暖大棚花卉栽培
索取号:S629-43/1
 
预约/预借
| 序号 | 登录号 | 条形码 | 馆藏地/架位号 | 状态 | 备注 |